000 00503nam a2200145Ia 4500
008 170221s9999 xx 000 0 und d
100 _aHsiu-ling Hsu
245 _aInteraction between Markedness and Transfer in English Coda Nasals: Taiwanese Learning English as a Foreign Language
245 _cHsiu-ling Hsu
260 _bStudies in Media and Communication
260 _c2016
650 _xCommunication
650 _xMedia Arts
856 _uhttp://redfame.com/journal/index.php/smc/issue/view/4
999 _c309144
_d309144